000 00264nam a22001217a 4500
008 180208b xxu||||| |||| 00| 0 eng d
041 _aeng
080 _a330.722.6
100 _a61
101 _aKON
245 _aFINANCIAL ACCOUTING
_cJANE.L.R
942 _2udc
_cBK
999 _c42168
_d42168